000 00647nam a2200241Ia 4500
003 OSt
005 20221005130635.0
006 a|||||r|||| 00| 0
007 ta
008 221004b |||||||| |||| 00| 0 eng d
024 _a51927
037 _cTextual
040 _aCRL
_cCRL
_beng
041 _2eng
_aeng
082 _aQ42x5, B4;1
100 _aKern H Tr.
_9638414
245 0 _aSaddharma-Pundarika or the lotus of the true law
260 _c1884
490 _a(sacred books of the East series ed by F Max Muller,21).
650 _aRELIGION
942 _hQ42x5, B4;1
_cTEXL
_2cc
999 _c1057886
_d1057886